Tourism management (SEC)/ (Record no. 11944)

MARC details
000 -LEADER
fixed length control field 00539nam a22001937a 4500
005 - DATE AND TIME OF LATEST TRANSACTION
control field 20240912100721.0
008 - FIXED-LENGTH DATA ELEMENTS--GENERAL INFORMATION
fixed length control field 240912b |||||||| |||| 00| 0 eng d
020 ## - INTERNATIONAL STANDARD BOOK NUMBER
International Standard Book Number 9789355405234
040 ## - CATALOGING SOURCE
Original cataloging agency IN-DiNC
Transcribing agency IN-DiNC
041 ## - LANGUAGE CODE
Language code of sung or spoken text English
082 ## - DEWEY DECIMAL CLASSIFICATION NUMBER
Classification number 910
Item number BAR
100 ## - MAIN ENTRY--PERSONAL NAME
Personal name Barua, Bipasha Chetiya
Relator term Author
245 ## - TITLE STATEMENT
Title Tourism management (SEC)/
Statement of responsibility, etc. by Bipasha Chetiya Barua and Sanjay Rizal
260 ## - PUBLICATION, DISTRIBUTION, ETC.
Place of publication, distribution, etc. Ludhiana:
Name of publisher, distributor, etc. Kalyani publishers,
Date of publication, distribution, etc. 2023.
300 ## - PHYSICAL DESCRIPTION
Extent 190p.
650 ## - SUBJECT ADDED ENTRY--TOPICAL TERM
Topical term or geographic name entry element Tourism
700 ## - ADDED ENTRY--PERSONAL NAME
Personal name Rizal, Sanjay
Relator term Author
942 ## - ADDED ENTRY ELEMENTS (KOHA)
Source of classification or shelving scheme Dewey Decimal Classification
Koha item type Books
Holdings
Withdrawn status Lost status Source of classification or shelving scheme Damaged status Not for loan Collection code Home library Current library Shelving location Date acquired Cost, normal purchase price Total Checkouts Full call number Barcode Date last seen Date last checked out Copy number Price effective from Koha item type
    Dewey Decimal Classification     History Central Library, Naharkatiya College Central Library, Naharkatiya College General Stacks 12/09/2024 200.00 3 910 BAR 30345 13/11/2025 24/09/2025 1 12/09/2024 Books
    Dewey Decimal Classification     History Central Library, Naharkatiya College Central Library, Naharkatiya College General Stacks 12/09/2024 200.00 6 910 BAR 30346 22/11/2025 07/11/2025 2 12/09/2024 Books
    Dewey Decimal Classification     History Central Library, Naharkatiya College Central Library, Naharkatiya College General Stacks 12/09/2024 200.00 5 910 BAR 30347 22/11/2025 08/11/2025 3 12/09/2024 Books

Naharkatiya College © 2020. All rights reserved.

Powered By